| Tag |
First Indicator |
Second Indicator |
Subfields |
| LEADER |
00000cam a2200000 i 4500 |
| 001 |
in00005773545 |
| 005 |
20260327180134.8 |
| 006 |
m o d |
| 007 |
cr cnu---unuuu |
| 008 |
240731s2024 enk o 000 0 eng d |
| 040 |
|
|
|a OPELS
|b eng
|e rda
|e pn
|c OPELS
|d OCLCO
|d VLB
|
| 020 |
|
|
|z 9780443160202
|
| 035 |
|
|
|a (OCoLC)1450449239
|
| 050 |
|
4 |
|a QL669.3
|
| 082 |
0 |
4 |
|a 573.61781
|2 23/eng/20240731
|
| 049 |
|
|
|a TXAM
|
| 245 |
0 |
0 |
|a Hormones and reproduction of vertebrates.
|n Volume 2,
|p Amphibians /
|c edited by David O. Norris, Kristin H. Lopez.
|
| 246 |
3 |
|
|a Amphibians
|
| 250 |
|
|
|a Second edition.
|
| 264 |
|
1 |
|a London, United Kingdom :
|b Academic Press,
|c 2024.
|
| 300 |
|
|
|a 1 online resource.
|
| 336 |
|
|
|a text
|b txt
|2 rdacontent
|
| 337 |
|
|
|a computer
|b c
|2 rdamedia
|
| 338 |
|
|
|a online resource
|b cr
|2 rdacarrier
|
| 520 |
|
|
|a Hormones and Reproduction of Vertebrates, Volume Two: Amphibians is the second of five second-edition volumes representing a comprehensive and integrated overview of hormones and reproduction in fishes, amphibians, reptiles, birds, and mammals. The book includes coverage of endocrinology, neuroendocrinology, physiology, behavior, and anatomy of amphibian reproduction. It provides a broad treatment of the roles of pituitary, thyroid, adrenal, and gonadal hormones in all aspects of reproduction, as well as descriptions of major life history events. New to this edition is a concluding assessment of the effect of environmental influences on amphibians. Initial chapters in this book broadly examine sex determination, reproductive neuroendocrinology, stress, and hormonal regulation as it relates to male and female reproductive structure and function. Subsequent chapters examine hormones and reproduction of specific taxa, including anuran amphibians, urodeles, and gymnophionids. The book concludes with an examination of endocrine disruption of reproduction in amphibians.
|
| 588 |
0 |
|
|a Online resource; title from PDF title page (ScienceDirect, viewed July 31, 2024).
|
| 650 |
|
0 |
|a Amphibians
|x Reproduction.
|
| 650 |
|
0 |
|a Vertebrates
|x Reproduction.
|
| 650 |
|
0 |
|a Hormones, Sex.
|
| 650 |
|
6 |
|a Amphibiens
|x Reproduction.
|
| 650 |
|
6 |
|a Vertébrés
|x Reproduction.
|
| 650 |
|
6 |
|a Hormones sexuelles.
|
| 655 |
|
7 |
|a Electronic books.
|2 local
|
| 700 |
1 |
|
|a Norris, David O.,
|e editor.
|1 https://id.oclc.org/worldcat/entity/E39PCjtrbHcV8TKjqt84jgmdjP
|
| 700 |
1 |
|
|a Lopez, Kristin H.,
|e editor.
|1 https://id.oclc.org/worldcat/entity/E39PCjqv9wMwfHm6bYVvGCBqpK
|
| 710 |
2 |
|
|a ScienceDirect (Online service)
|
| 856 |
4 |
0 |
|u http://proxy.library.tamu.edu/login?url=https://www.sciencedirect.com/science/book/9780443160202
|z Connect to the full text of this electronic book
|t 0
|
| 955 |
|
|
|a Elsevier ScienceDirect 2026-2027
|
| 994 |
|
|
|a 92
|b TXA
|
| 999 |
f |
f |
|i f38f2949-0155-425f-aa26-87bae480d6b3
|s 14eb4d2e-1951-4241-87b6-5ff20b674a32
|t 0
|
| 952 |
f |
f |
|a Texas A&M University
|b College Station
|c Electronic Resources
|s www_evans
|d Available Online
|t 0
|e QL669.3
|h Library of Congress classification
|
| 998 |
f |
f |
|a QL669.3
|t 0
|l Available Online
|